000 00749nam a22001577a 4500
008 120419s1990 ua|||||r|||| 000 0 ara d
082 _a301.412962
_bم ر أ
110 _929665
_aمركز دراسات المستقبل . جامعة أسيوط
245 _aالمرأة والمجتمع في مصر /
_cاعداد مركز دراسات المستقبل ؛ تقديم محمد رجائي الطحلاوي
260 _aأسيوط :
_bجامعة أسيوط،
_c1995
300 _a294 ص ؛
_c22 سم
650 _929664
_aالمرأة في مصر
653 _bGeneral
_cApril2012
942 _2ddc
_cBB
999 _c16666
_d16666